000 01130nam a2200313Ia 4500
001 ebr10273217
003 CaPaEBR
006 m u
007 cr cn|||||||||
008 010411s2001 enk sb 001 0 eng d
010 _z 2001267919
020 _z0198235089
020 _z9780198235088
040 _aCaPaEBR
_cCaPaEBR
035 _a(OCoLC)309340766
050 1 4 _aBJ1012
_b.F56 2001eb
082 0 4 _a170
_221
100 1 _aFoot, Philippa.
245 1 0 _aNatural goodness
_h[electronic resource] /
_cPhilippa Foot.
260 _aOxford :
_bClarendon ;
_aNew York :
_bOxford University Press,
_c2001.
300 _a125 p.
504 _aIncludes bibliographical references (p. [117]-121) and index.
533 _aElectronic reproduction.
_bPalo Alto, Calif. :
_cebrary,
_d2009.
_nAvailable via World Wide Web.
_nAccess may be limited to ebrary affiliated libraries.
650 0 _aEthics.
650 0 _aValues.
655 7 _aElectronic books.
_2local
710 2 _aebrary, Inc.
856 4 0 _uhttp://site.ebrary.com/lib/rucke/Doc?id=10273217
_zAn electronic book accessible through the World Wide Web; click to view
999 _c6774
_d6774